000
00287nam a2200133Ia 4500
100
_a
Millman/J & Grabel/ A
942
_c
BK
654
_a
microelectronics
245
_a
Microelectronics
260
_b
McGraw-Hill
_a
Singapore
_c
1987
300
_a
1001
546
_a
ENGLISH
999
_c
28071
_d
28071